000 00650nam a2200241Ia 4500
005 20260430150303.0
008 008 250103s9999 xx 000 0 eng d
037 _aTheses
040 _aCRL
040 _beng
040 _ceng
041 _2eng
041 _aeng
084 _qCRL
100 _aKhushboo Anand Au.; Tandon Usha Gu.
_91237034
245 0 _aTrafficking of Women Under the Guise of Marriage: A Socio Legal Study with Special Reference to Haryana
260 _c2023
300 _a254
650 _aLaw
700 _aUnversity of Delhi. Faculty of Law. Deptt of Law
_91237035
942 _cTH
999 _c1849421
_d1849421